Piłkarze Napoli - Statystyki

Ogólne statystyki
  • Ten quiz został rozwiązany 153 razy
    15 od ostatniego zresetowania
  • Średni wynik to 16 z 28
Statystyki odpowiedzi
Piłkarz Narodowość Pozycja % Poprawnych
Alex Meret Włochy Bramkarz
100%
Kevin De Bruyne Belgia Pomocnik
93%
Scott McTominay Szkocja Pomocnik
93%
Vanja Milinković-Savić Serbia Bramkarz
93%
Eljif Elmas Macedonia Pomocnik
86%
Frank Anguissa Kamerun Pomocnik
86%
Giovani Di Lorenzo Włochy Obrońca
86%
Rasmus Højlund Dania Napastnik
86%
Romelu Lukaku Belgia Napastnik
86%
Stanislav Lobotka Słowacja Pomocnik
86%
Billy Gilmour Szkocja Pomocnik
79%
Alessandro Buongiorno Włochy Obrońca
71%
Amir Rrahmani Kosowo Obrońca
71%
Juan Jesus Brazylia Obrońca
71%
Mathías Olivera Urugwaj Obrońca
64%
Matteo Politano Włochy Napastnik
57%
David Neres Brazylia Napastnik
50%
Lorenzo Lucca Włochy Napastnik
50%
Leonardo Spinazzola Włochy Obrońca
43%
Noa Lang Holandia Napastnik
43%
Sam Beukema Holandia Obrońca
36%
Nikita Contini Włochy Bramkarz
21%
Antonio Vergara Włochy Pomocnik
14%
Pasquale Mazzocchi Włochy Obrońca
14%
Giuseppe Ambrosino Włochy Napastnik
7%
Luca Marianucci Włochy Obrońca
7%
Mathias Ferrante Włochy Bramkarz
7%
Miguel Gutiérrez Hiszpania obrońca
7%
Nie znaleziono quizów pasujących do podanych kryteriów
Rozkład punktacji
Procent ludzi z każdym wynikiem
Percentyl według liczby udzielonych odpowiedzi
Twoja historia wyników
Nie rozwiązałeś tego quizu od ostatniego zresetowania